| 000 | 00498nam a22001457a 4500 | ||
|---|---|---|---|
| 003 | OSt | ||
| 005 | 20240619143431.0 | ||
| 008 | 240619b ||||| |||| 00| 0 eng d | ||
| 040 | _cAIMIT LIBRARY | ||
| 100 |
_aD Souza, Preston Charles _e2116128 _9171219 |
||
| 245 |
_aStudy on cost control in food and beverage service with reference to the Gateway Hotel, Mangalore / _cBy Preston Charles D Souza |
||
| 700 |
_aHarinakshi _eMentor _9171220 |
||
| 856 | _3Gateway hotel, Mangalore | ||
| 942 |
_2ddc _cPRO |
||
| 999 |
_c231238 _d231238 |
||